000 00347nam a2200133Ia 4500
008 240624s9999 xx 000 0 und d
041 _aeng
082 _a330 MOO
100 _aMOOSA IMAD A
245 _aSTRUCTURAL TIME SERIES MODELLING APPLICA
260 _c2006
_aHyderabad
_bICFAI press
300 _aiii, : 173 : p. : cm. ; 24
365 _cRS
_b50
999 _c6702
_d6702